000 00307nam a22001337a 4500
008 170607b xxu||||| |||| 00| 0 eng d
020 _a9780195306002
041 _aeng
080 _a327
100 _a18
101 _aSHP
245 _aGLOBALIZATION AND LABOR CONDITIONS
_c FLANAGAN,R.J
942 _2udc
_cBK
999 _c16247
_d16247